[Event "Lloyds Bank Masters 9th"]
[Site "London, Park Lane Hotel"]
[Date "1985.08.21"]
[Round "1"]
[White "Conquest, Stuart"]
[Black "South, Robert"]
[Result "0-1"]
[WhiteElo "2345"]
[BlackElo "2225"]
[PlyCount "64"]
[EventDate "1985.08.21"]
[EventType "swiss"]
[EventRounds "9"]
[EventCountry "ENG"]
[Source "John Saunders"]
[SourceDate "2016.01.19"]

1. d4 d5 2. c4 e6 3. Nc3 c6 4. e4 dxe4 5. Nxe4 Bb4+ 6. Nc3 c5 7. a3 Ba5 8. Be3
Nf6 9. Nge2 cxd4 10. Qxd4 Qxd4 11. Bxd4 Nc6 12. Bxf6 gxf6 13. O-O-O Bb6 14. b4
Bxf2 15. Kb2 Ke7 16. g3 Ne5 17. Nf4 Bd7 18. Be2 a6 19. Rhf1 Ba7 20. g4 Bc6 21.
Nh5 Rad8 22. Kb3 Rxd1 23. Rxd1 Rg8 24. h3 Rg5 25. c5 Nd7 26. h4 Re5 27. Bd3 h6
28. Ng3 Re3 29. Nge4 Ne5 30. Bc2 Bb8 31. Ka2 Nxg4 32. Rd3 Rxe4 0-1

[Event "Lloyds Bank Masters 9th"]
[Site "London, Park Lane Hotel"]
[Date "1985.08.21"]
[Round "1"]
[White "Cooley, Christopher Martin"]
[Black "Barua, Dibyendu"]
[Result "0-1"]
[WhiteElo "2280"]
[BlackElo "2410"]
[PlyCount "60"]
[EventDate "1985.08.21"]
[EventType "swiss"]
[EventRounds "9"]
[EventCountry "ENG"]
[Source "John Saunders"]
[SourceDate "2016.01.19"]

1. e4 e5 2. Nf3 Nf6 3. Nxe5 d6 4. Nc4 Nxe4 5. Nc3 Nxc3 6. bxc3 d5 7. Ne3 c5 8.
Qf3 Be6 9. Bb5+ Nc6 10. c4 d4 11. Bxc6+ bxc6 12. Qxc6+ Bd7 13. Qe4+ Be6 14. Nd5
Bd6 15. O-O O-O 16. c3 dxc3 17. dxc3 Re8 18. Qd3 Qh4 19. g3 Qh3 20. Ba3 Bf5 21.
Nf6+ gxf6 22. Qxd6 Re2 23. Qxf6 h6 24. Qh4 Qxh4 25. gxh4 Kh7 26. Kg2 Be4+ 27.
Kg3 Rg8+ 28. Kf4 Bg2 29. Rfe1 Rxf2+ 30. Ke5 Rg6 0-1

[Event "Lloyds Bank Masters 9th"]
[Site "London, Park Lane Hotel"]
[Date "1985.08.21"]
[Round "1"]
[White "Cox, John J"]
[Black "Thipsay, Praveen Mahadeo"]
[Result "0-1"]
[WhiteElo "2310"]
[BlackElo "2495"]
[PlyCount "138"]
[EventDate "1985.08.21"]
[EventType "swiss"]
[EventRounds "9"]
[EventCountry "ENG"]
[Source "John Saunders"]
[SourceDate "2016.01.19"]

1. d4 Nf6 2. Nc3 d5 3. Bg5 Bf5 4. e3 e6 5. Bd3 Bxd3 6. Qxd3 Nbd7 7. Nf3 Be7 8.
O-O O-O 9. e4 dxe4 10. Nxe4 h6 11. Bxf6 Nxf6 12. Rad1 c6 13. Nxf6+ Bxf6 14. b3
Qd6 15. a4 Rfd8 16. Qe2 Qb4 17. Qe3 Rd6 18. Rd3 b5 19. axb5 cxb5 20. c3 Qa5 21.
b4 Qb6 22. Nd2 Rd5 23. Ne4 Be7 24. Qe2 a5 25. bxa5 Rxa5 26. Rb1 Qc6 27. h3 Ra4
28. Nd2 Ra2 29. Qd1 Qa6 30. Nf1 Rf5 31. Rd2 Bh4 32. Rbb2 Ra3 33. Rb3 Bg5 34.
Rxa3 Qxa3 35. Rc2 b4 36. cxb4 Qxb4 37. Qd3 g6 38. Qc4 Qe1 39. Qc3 Qxc3 40. Rxc3
Rd5 41. Rc4 Bf6 42. Ne3 Rxd4 43. Rxd4 Bxd4 44. Nc2 Bc5 45. Kf1 f5 46. Ke2 Kf7
47. f3 Kf6 48. Ne1 Kg5 49. Nd3 Bd6 50. Ke3 e5 51. Kf2 Kh4 52. Kf1 Kg3 53. Kg1
h5 54. Kf1 h4 55. Kg1 e4 56. fxe4 fxe4 57. Nc1 Kf4 58. Kf2 Bc5+ 59. Kf1 Ke3 60.
Ne2 g5 61. Ke1 Bb4+ 62. Kf1 Bd2 63. Ng1 Kd4 64. Ne2+ Kd3 65. Ng1 Be3 66. Ne2
Kd2 67. g3 Kd3 68. gxh4 gxh4 69. Ke1 Kc2 0-1

[Event "Lloyds Bank Masters 9th"]
[Site "London, Park Lane Hotel"]
[Date "1985.08.21"]
[Round "1"]
[White "Gutman, Lev"]
[Black "Gallagher, Joseph G"]
[Result "0-1"]
[WhiteElo "2485"]
[BlackElo "2310"]
[PlyCount "92"]
[EventDate "1985.08.21"]
[EventType "swiss"]
[EventRounds "9"]
[EventCountry "ENG"]
[Source "John Saunders"]
[SourceDate "2016.01.19"]

1. Nf3 Nf6 2. g3 b5 3. Bg2 Bb7 4. O-O e6 5. c3 c5 6. d3 Be7 7. Qb3 Qb6 8. a4
bxa4 9. Qxa4 O-O 10. Nbd2 d5 11. Ne5 Nc6 12. Ndc4 Qc7 13. Nxc6 Bxc6 14. Qa5 Qc8
15. Ne5 Bb7 16. d4 c4 17. Bg5 h6 18. Bxf6 Bxf6 19. f4 Bxe5 20. fxe5 Bc6 21. e3
Qd8 22. Qa3 Qg5 23. Rf4 Qg6 24. Qd6 Rac8 25. Rxa7 Qd3 26. h4 Qxe3+ 27. Kh2 Be8
28. Qb6 Qe2 29. Qb7 Bc6 30. Qe7 Be8 31. Rb7 Ra8 32. Kh3 Ra1 33. Bf3 Qf1+ 34.
Bg2 Qe2 35. Bf3 Qf1+ 36. Kg4 h5+ 37. Kg5 Qh3 38. g4 Rg1 39. Rb8 hxg4 40. Bxd5
f6+ 41. exf6 gxf6+ 42. Qxf6 Rxf6 43. Kxf6 Qxh4+ 44. Kxe6 Kg7 45. Rxe8 Qh6+ 46.
Ke5 Qh5+ 0-1

[Event "Lloyds Bank Masters 9th"]
[Site "London, Park Lane Hotel"]
[Date "1985.08.21"]
[Round "1"]
[White "Johansen, Darryl Keith"]
[Black "Thomas, Ian L"]
[Result "1-0"]
[WhiteElo "2410"]
[BlackElo "2295"]
[PlyCount "102"]
[EventDate "1985.08.21"]
[EventType "swiss"]
[EventRounds "9"]
[EventCountry "ENG"]
[Source "John Saunders"]
[SourceDate "2016.01.19"]

1. e4 e5 2. Bc4 Nf6 3. d3 c6 4. Nf3 d5 5. Bb3 Bd6 6. O-O dxe4 7. Ng5 O-O 8.
Nxe4 Nxe4 9. dxe4 Na6 10. Nd2 Nc5 11. Nc4 Bc7 12. Qe2 b5 13. Rd1 Qf6 14. Nd2
Bb6 15. Nf3 Bg4 16. c3 Nxb3 17. axb3 Qg6 18. Re1 Rae8 19. Be3 f5 20. Bxb6 axb6
21. exf5 Qh5 22. Qe3 Rxf5 23. Nd2 Rf6 24. f3 Bc8 25. Qxb6 Rh6 26. Nf1 Qf7 27.
b4 Rg6 28. Ng3 h5 29. Ra7 Qb3 30. Qf2 h4 31. Nh5 Rf8 32. Rxe5 Qd1+ 33. Re1 Qd5
34. Qxh4 Qd2 35. Qf2 Qg5 36. Ng3 Rh6 37. Qd4 Be6 38. Qe5 Qg6 39. Re7 Bd5 40.
Re8 Rxe8 41. Qxe8+ Qxe8 42. Rxe8+ Kf7 43. Re2 Rh8 44. Nf5 Kf6 45. Nd4 Ra8 46.
Kf2 g5 47. Kg3 Ra1 48. h4 gxh4+ 49. Kxh4 Rg1 50. Kg3 Rb1 51. Rd2 Ke5 1-0

[Event "Lloyds Bank Masters 9th"]
[Site "London, Park Lane Hotel"]
[Date "1985.08.21"]
[Round "1"]
[White "Knoppert, Erik GJ"]
[Black "Hebden, Mark"]
[Result "0-1"]
[WhiteElo "2305"]
[BlackElo "2455"]
[PlyCount "48"]
[EventDate "1985.08.21"]
[EventType "swiss"]
[EventRounds "9"]
[EventCountry "ENG"]
[Source "John Saunders"]
[SourceDate "2016.01.19"]

1. d4 Nf6 2. Nf3 g6 3. Bg5 Bg7 4. Nbd2 O-O 5. e4 d5 6. e5 Ne4 7. Bd3 Nxg5 8.
Nxg5 c5 9. f4 c4 10. Be2 Qb6 11. c3 Qxb2 12. Rc1 f6 13. Ngf3 Bh6 14. g3 Nc6 15.
O-O fxe5 16. dxe5 Bf5 17. Rf2 Qb6 18. Nf1 Rad8 19. Qd2 Be4 20. Ne3 Bxf3 21.
Bxf3 Nxe5 22. Kg2 Nd3 23. Bxd5+ Rxd5 24. Nxd5 Qc6 0-1

[Event "Lloyds Bank Masters 9th"]
[Site "London, Park Lane Hotel"]
[Date "1985.08.21"]
[Round "1"]
[White "Kuzmin, Gennadi P"]
[Black "Britton, Richard"]
[Result "1/2-1/2"]
[WhiteElo "2500"]
[BlackElo "2310"]
[PlyCount "70"]
[EventDate "1985.08.21"]
[EventType "swiss"]
[EventRounds "9"]
[EventCountry "ENG"]
[Source "John Saunders"]
[SourceDate "2016.01.19"]

1. d4 Nf6 2. c4 g6 3. Nc3 Bg7 4. g3 O-O 5. Bg2 d6 6. Nf3 Nc6 7. O-O e5 8. h3
Nd7 9. Bg5 f6 10. Be3 Ne7 11. dxe5 dxe5 12. b3 Nf5 13. Bc1 Re8 14. e4 Nd6 15.
Be3 Nf7 16. Qc2 c6 17. b4 Nf8 18. Rfd1 Bd7 19. b5 Qc8 20. bxc6 bxc6 21. Kh2 Qc7
22. Rab1 Ne6 23. c5 Rad8 24. Bf1 Bc8 25. Qb3 Bf8 26. Na4 Kg7 27. Qc3 Rxd1 28.
Rxd1 Rd8 29. Rd2 h6 30. h4 h5 31. Bh3 Nh6 32. Bxh6+ Kxh6 33. Rxd8 Qxd8 34. Qb3
Nd4 35. Nxd4 Qxd4 1/2-1/2

[Event "Lloyds Bank Masters 9th"]
[Site "London, Park Lane Hotel"]
[Date "1985.08.21"]
[Round "1"]
[White "McKay, Roderick M"]
[Black "Anagnostopoulos, Dimitrios"]
[Result "1-0"]
[WhiteElo "2385"]
[BlackElo "2275"]
[PlyCount "71"]
[EventDate "1985.08.21"]
[EventType "swiss"]
[EventRounds "9"]
[EventCountry "ENG"]
[Source "John Saunders"]
[SourceDate "2016.01.19"]

1. d4 Nf6 2. Nf3 g6 3. Bf4 Bg7 4. e3 d6 5. h3 O-O 6. Be2 c5 7. c3 b6 8. O-O Bb7
9. Nbd2 Nbd7 10. a4 a6 11. Bh2 Ne4 12. Nxe4 Bxe4 13. Qb3 Bb7 14. Rad1 Qc7 15.
Rfe1 h6 16. Nd2 Rab8 17. Bf1 Kh7 18. Rc1 Qc6 19. e4 Bc8 20. e5 dxe5 21. dxe5 e6
22. Nc4 b5 23. axb5 axb5 24. Nd6 c4 25. Qb4 Ba6 26. Rcd1 Rbd8 27. f4 Nc5 28.
Be2 Nb7 29. Bf3 Qb6+ 30. Kh1 Nxd6 31. exd6 Bc8 32. Bg1 Qb8 33. Bc5 Bd7 34. Ra1
Bf6 35. Ra7 Qc8 36. Rea1 1-0

[Event "Lloyds Bank Masters 9th"]
[Site "London, Park Lane Hotel"]
[Date "1985.08.21"]
[Round "1"]
[White "Norwood, David"]
[Black "Jacobs, Byron A"]
[Result "0-1"]
[WhiteElo "2445"]
[BlackElo "2295"]
[PlyCount "60"]
[EventDate "1985.08.21"]
[EventType "swiss"]
[EventRounds "9"]
[EventCountry "ENG"]
[Source "John Saunders"]
[SourceDate "2016.01.19"]

1. g3 d5 2. Bg2 e5 3. d3 Nc6 4. Nf3 Nf6 5. O-O Be7 6. b3 O-O 7. Bb2 e4 8. Nfd2
e3 9. fxe3 Ng4 10. Rf3 Nce5 11. Nf1 Nxf3+ 12. exf3 Nf6 13. Nbd2 Be6 14. f4 Re8
15. Qf3 Qd7 16. Re1 Rad8 17. c4 Bg4 18. Qf2 dxc4 19. Nxc4 Qxd3 20. Bxb7 Bb4 21.
Rc1 Ne4 22. Bxe4 Qxe4 23. a3 Bf8 24. Ne5 Bh3 25. Nd2 Rxd2 26. Qxd2 Rd8 27. Qf2
Bc5 28. Nc4 Rd3 29. Re1 Rxb3 30. Nd2 Rxe3 0-1

[Event "Lloyds Bank Masters 9th"]
[Site "London, Park Lane Hotel"]
[Date "1985.08.21"]
[Round "1"]
[White "Ravikumar, Vaidyanathan"]
[Black "Dunnington, Angus J"]
[Result "1-0"]
[WhiteElo "2370"]
[BlackElo "2265"]
[PlyCount "37"]
[EventDate "1985.08.21"]
[EventType "swiss"]
[EventRounds "9"]
[EventCountry "ENG"]
[Source "John Saunders"]
[SourceDate "2016.01.19"]

1. d4 d5 2. Nf3 Bg4 3. Ne5 Bh5 4. g4 Bg6 5. h4 e6 6. Nd2 f6 7. Nxg6 hxg6 8. c3
c6 9. e4 Nd7 10. Bd3 Ne7 11. exd5 exd5 12. Qe2 Qc7 13. Bxg6+ Kd8 14. Bf7 Qd6
15. Nf1 g6 16. Qf3 Rh7 17. Bf4 Ne5 18. dxe5 fxe5 19. Bg3 1-0

[Event "Lloyds Bank Masters 9th"]
[Site "London, Park Lane Hotel"]
[Date "1985.08.21"]
[Round "1"]
[White "Smart, Leslie"]
[Black "Winslow, Elliott C"]
[Result "1-0"]
[WhiteElo "2210"]
[BlackElo "2325"]
[PlyCount "97"]
[EventDate "1985.08.21"]
[EventType "swiss"]
[EventRounds "9"]
[EventCountry "ENG"]
[Source "John Saunders"]
[SourceDate "2016.01.19"]

1. e4 c5 2. Nf3 d6 3. d4 cxd4 4. Nxd4 Nf6 5. Nc3 a6 6. Bg5 e6 7. f4 Be7 8. Qf3
Qc7 9. O-O-O Nbd7 10. g4 b5 11. Bxf6 Nxf6 12. g5 Nd7 13. f5 Nc5 14. h4 b4 15.
Nce2 e5 16. Nb3 Nxe4 17. Qxe4 Bb7 18. Rd5 Rc8 19. Na1 Qc4 20. Qxc4 Rxc4 21. Bg2
Bxd5 22. Bxd5 Rxh4 23. Rg1 g6 24. Bc6+ Kd8 25. f6 Bf8 26. Bd5 Rh5 27. Kd1 h6
28. Bxf7 Rxg5 29. Rxg5 hxg5 30. Bd5 g4 31. c4 bxc3 32. bxc3 Bh6 33. Nc2 Kd7 34.
Nb4 a5 35. Nc6 Rc8 36. Ne7 Rf8 37. Ng8 Bg5 38. f7 Bh4 39. c4 g3 40. Ng1 Rb8 41.
Ke2 Rb2+ 42. Kf3 Be7 43. Bc6+ Kd8 44. Kxg3 Rxa2 45. Nf3 Ra3 46. Kg2 Rxf3 47.
Kxf3 Bf8 48. Ke4 Kc7 49. Ba4 1-0

[Event "Lloyds Bank Masters 9th"]
[Site "London, Park Lane Hotel"]
[Date "1985.08.21"]
[Round "1"]
[White "Stepak, Yedael"]
[Black "Chandler, Murray G"]
[Result "0-1"]
[WhiteElo "2310"]
[BlackElo "2525"]
[PlyCount "108"]
[EventDate "1985.08.21"]
[EventType "swiss"]
[EventRounds "9"]
[EventCountry "ENG"]
[Source "John Saunders"]
[SourceDate "2016.01.19"]

1. Nf3 Nf6 2. g3 d5 3. Bg2 Bf5 4. O-O e6 5. d3 Be7 6. Nbd2 h6 7. Qe1 O-O 8. e4
Bh7 9. e5 Nfd7 10. Qe2 c5 11. Re1 Nc6 12. Nf1 Kh8 13. h4 Rc8 14. h5 f6 15. exf6
Bxf6 16. Qxe6 Nb4 17. Re2 c4 18. d4 Rc6 19. Qg4 Nxc2 20. Rxc2 Bxc2 21. Bh3 Rf7
22. Bf4 b5 23. Re1 b4 24. Ne3 Be4 25. Nf5 Nf8 26. Rxe4 dxe4 27. Ne5 Bxe5 28.
Bxe5 Rcf6 29. Qxe4 c3 30. bxc3 bxc3 31. Qc2 Qd5 32. Bg2 Qb5 33. Be4 Qb2 34.
Bxf6 Rxf6 35. Qa4 Qe2 36. d5 Qxh5 37. Qc2 Qg5 38. f4 Qh5 39. Kg2 Qe8 40. Kf3
Qc8 41. g4 Rb6 42. Qd3 Qc5 43. d6 Rb2 44. Ne3 Rd2 45. Qa6 Rxd6 46. Qb7 Ne6 47.
Qe7 Ra6 48. Qb7 Nd4+ 49. Kg3 Rf6 50. Nd5 Rf8 51. f5 c2 52. f6 Ne6 53. Ne7 Qe3+
54. Bf3 Qe1+ 0-1

[Event "Lloyds Bank Masters 9th"]
[Site "London, Park Lane Hotel"]
[Date "1985.08.21"]
[Round "1"]
[White "West, Guy"]
[Black "Flear, Glenn C"]
[Result "0-1"]
[WhiteElo "2310"]
[BlackElo "2475"]
[PlyCount "60"]
[EventDate "1985.08.21"]
[EventType "swiss"]
[EventRounds "9"]
[EventCountry "ENG"]
[Source "John Saunders"]
[SourceDate "2016.01.19"]

1. g3 f5 2. Bg2 Nf6 3. f4 g6 4. Nf3 Bg7 5. O-O O-O 6. d3 c6 7. Qe1 Qb6+ 8. e3
d6 9. a4 a5 10. Nbd2 Qc5 11. c3 e5 12. Nc4 e4 13. Ng5 h6 14. Nh3 Be6 15. b4
axb4 16. cxb4 Qa7 17. a5 Nd5 18. Ra3 Na6 19. dxe4 Ndxb4 20. Qe2 Qc5 21. Nb6 Nc2
22. exf5 gxf5 23. Rd3 Nab4 24. Nxa8 Bc4 25. Nf2 Rxa8 26. Qd2 Nxd3 27. Nxd3 Qb5
28. Ne1 Nxe1 29. Rxe1 Qxa5 30. Qxa5 Rxa5 0-1

[Event "Lloyds Bank Masters 9th"]
[Site "London, Park Lane Hotel"]
[Date "1985.08.22"]
[Round "2"]
[White "Barua, Dibyendu"]
[Black "Bowden, Karl"]
[Result "1-0"]
[WhiteElo "2410"]
[BlackElo "2250"]
[PlyCount "61"]
[EventDate "1985.08.21"]
[EventType "swiss"]
[EventRounds "9"]
[EventCountry "ENG"]
[Source "John Saunders"]
[SourceDate "2016.01.19"]

1. e4 e6 2. d4 d5 3. exd5 exd5 4. Bd3 c5 5. dxc5 Bxc5 6. Nf3 Nf6 7. O-O O-O 8.
Nbd2 Bg4 9. Nb3 Bb6 10. Bg5 Re8 11. Bh4 Nc6 12. c3 Qd6 13. Bg3 Qd7 14. Rc1 Ne4
15. Be2 Nxg3 16. hxg3 Re4 17. Rc2 Rae8 18. Rd2 Qc7 19. Nbd4 Nxd4 20. Nxd4 Rxe2
21. Nxe2 Qe5 22. Re1 Re6 23. Rxd5 Qe4 24. Rd6 Re5 25. Kf1 g5 26. Qd3 Qa4 27.
Rd5 Bf5 28. Qd2 Qe4 29. Rxe5 Qxe5 30. Qxg5+ Kf8 31. g4 1-0

[Event "Lloyds Bank Masters 9th"]
[Site "London, Park Lane Hotel"]
[Date "1985.08.22"]
[Round "2"]
[White "Chandler, Murray G"]
[Black "Ravikumar, Vaidyanathan"]
[Result "1-0"]
[WhiteElo "2525"]
[BlackElo "2370"]
[PlyCount "155"]
[EventDate "1985.08.21"]
[EventType "swiss"]
[EventRounds "9"]
[EventCountry "ENG"]
[Source "John Saunders"]
[SourceDate "2016.01.19"]

1. e4 c6 2. d4 g6 3. Nf3 Bg7 4. Bd3 d6 5. O-O Nd7 6. c3 Qc7 7. a4 Ngf6 8. h3 e5
9. Na3 O-O 10. Bg5 h6 11. Be3 d5 12. Nxe5 dxe4 13. Nxd7 Bxd7 14. Bc2 Nd5 15.
Bxe4 Nxe3 16. fxe3 Rae8 17. Qf3 f5 18. Bd3 Re7 19. Qf4 Qxf4 20. exf4 c5 21.
dxc5 Bxa4 22. Bb5 Bb3 23. Bc4+ Bxc4 24. Nxc4 Rc8 25. Ra5 Rc6 26. Rd1 a6 27.
Rd8+ Kh7 28. Nd6 b5 29. cxb6 Rxb6 30. Nc8 Re1+ 31. Kf2 Rbe6 32. Rd2 R1e4 33. g3
Bf8 34. Rad5 h5 35. Nd6 Bxd6 36. Rxd6 h4 37. Rxe6 hxg3+ 38. Kxg3 Rxe6 39. Rc2
Re3+ 40. Kh4 Kg7 41. c4 Kf6 42. c5 Re7 43. Rd2 Rh7+ 44. Kg3 Rc7 45. Rd6+ Ke7
46. Rxg6 Rxc5 47. Rxa6 Rb5 48. Kh4 Rxb2 49. Kg5 Rh2 50. h4 Kf7 51. h5 Rg2+ 52.
Kxf5 Rh2 53. Ra7+ Kg8 54. Kg6 Rg2+ 55. Kf6 Rc2 56. f5 Rb2 57. h6 Rc2 58. Re7
Ra2 59. Ke5 Re2+ 60. Kd6 Rd2+ 61. Ke6 Re2+ 62. Kd7 Rf2 63. Re8+ Kh7 64. Ke6
Re2+ 65. Kf7 Ra2 66. f6 Ra6 67. Ke7 Ra7+ 68. Ke6 Ra6+ 69. Kf5 Ra5+ 70. Re5 Ra1
71. f7 Rf1+ 72. Ke6 Kg6 73. Rg5+ Kxg5 74. h7 Re1+ 75. Kd7 Rd1+ 76. Ke7 Re1+ 77.
Kf8 Rh1 78. Kg7 1-0

[Event "Lloyds Bank Masters 9th"]
[Site "London, Park Lane Hotel"]
[Date "1985.08.22"]
[Round "2"]
[White "Flear, Glenn C"]
[Black "Chevallier, Didier"]
[Result "1-0"]
[WhiteElo "2475"]
[BlackElo "2355"]
[PlyCount "90"]
[EventDate "1985.08.21"]
[EventType "swiss"]
[EventRounds "9"]
[EventCountry "ENG"]
[Source "John Saunders"]
[SourceDate "2016.01.19"]

1. d4 Nf6 2. c4 e6 3. g3 d5 4. Bg2 c5 5. cxd5 exd5 6. Nf3 Nc6 7. O-O Be7 8. Nc3
h6 9. b3 O-O 10. Bb2 Ne4 11. Rc1 Nxc3 12. Bxc3 Qb6 13. dxc5 Bxc5 14. Qxd5 Be6
15. Qh5 Ba3 16. Rcd1 Rfd8 17. Nh4 Bc5 18. Qf3 Qa6 19. Nf5 Bxf5 20. Qxf5 Bd4 21.
Bxc6 Bxc3 22. Bd5 Rf8 23. Qf3 Qf6 24. Bxb7 Rad8 25. Qxf6 Bxf6 26. Kg2 a5 27.
Kf3 Rfe8 28. Rxd8 Rxd8 29. Rc1 Rd7 30. Rc8+ Bd8 31. Ba6 Kf8 32. Rb8 Rd6 33. Bc4
g5 34. g4 Kg7 35. Rb5 Rf6+ 36. Kg2 Bb6 37. f3 Rd6 38. Bd5 f6 39. h3 Kf8 40. Kf1
Ke7 41. Ke1 Kd7 42. Kd2 Kc7 43. Kc2 Rd8 44. Be4 Rd6 45. Rf5 Kd7 {time} 1-0

[Event "Lloyds Bank Masters 9th"]
[Site "London, Park Lane Hotel"]
[Date "1985.08.22"]
[Round "2"]
[White "Gallagher, Joseph G"]
[Black "Bellin, Robert"]
[Result "0-1"]
[WhiteElo "2310"]
[BlackElo "2395"]
[PlyCount "91"]
[EventDate "1985.08.21"]
[EventType "swiss"]
[EventRounds "9"]
[EventCountry "ENG"]
[Source "John Saunders"]
[SourceDate "2016.01.19"]

1. e4 e5 2. f4 exf4 3. Nf3 d6 4. d4 g5 5. h4 g4 6. Ng1 Bh6 7. Nc3 c6 8. Qd3 Qf6
9. Bd2 f3 10. gxf3 Bxd2+ 11. Qxd2 gxf3 12. O-O-O Bg4 13. Nh3 Nd7 14. Nf2 h5 15.
Bh3 Nh6 16. e5 dxe5 17. dxe5 Qe6 18. Qg5 Rg8 19. Rd6 Rxg5 20. Rxe6+ Bxe6 21.
hxg5 Ng4 22. Nd3 O-O-O 23. Ne4 Ndxe5 24. Nxe5 Nxe5 25. Bxe6+ fxe6 26. Rxh5 Rf8
27. Nf2 Rf5 28. Rh8+ Kd7 29. Rh7+ Ke8 30. Rxb7 Rxg5 31. Kd2 Nc4+ 32. Kd3 Rg2
33. Ne4 Re2 34. Nf6+ Kd8 35. Ng4 Rg2 36. Ne3 Ne5+ 37. Ke4 Re2 38. Kxe5 Rxe3+
39. Kd6 Ke8 40. Rb8+ Kf7 41. Rb7+ Kg6 42. Rb8 Kg5 43. Rf8 Kg4 44. c4 e5 45.
Rg8+ Kf4 46. b4 0-1

[Event "Lloyds Bank Masters 9th"]
[Site "London, Park Lane Hotel"]
[Date "1985.08.22"]
[Round "2"]
[White "Hebden, Mark"]
[Black "Meetei, Anathem B"]
[Result "1-0"]
[WhiteElo "2455"]
[BlackElo "2335"]
[PlyCount "83"]
[EventDate "1985.08.21"]
[EventType "swiss"]
[EventRounds "9"]
[EventCountry "ENG"]
[Source "John Saunders"]
[SourceDate "2016.01.19"]

1. e4 c5 2. f4 g6 3. d4 Bg7 4. d5 d6 5. Nc3 Nf6 6. Bb5+ Nfd7 7. Bd3 O-O 8. Nf3
Na6 9. O-O Nb6 10. a4 Bg4 11. a5 Nd7 12. Bc4 Nb4 13. h3 Bxf3 14. Rxf3 a6 15.
Nb1 b5 16. Be2 c4 17. Qd2 Bd4+ 18. Kh1 Bc5 19. c3 Nd3 20. Bxd3 cxd3 21. Qxd3
Qc7 22. Nd2 Rfc8 23. b3 Ba7 24. Bb2 Rab8 25. Rff1 Qc5 26. Rae1 b4 27. c4 Qxa5
28. e5 Nc5 29. Qc2 e6 30. dxe6 Nxe6 31. exd6 Bd4 32. Rxe6 Bxb2 33. d7 Rf8 34.
Rd6 Bg7 35. Ne4 Rfd8 36. Qd3 Qc7 37. f5 Rb7 38. fxg6 hxg6 39. Rd1 Be5 40. Rd5
Rb6 41. Qe3 Re6 42. Nc5 1-0

[Event "Lloyds Bank Masters 09th"]
[Site "London, Park Lane Hotel"]
[Date "1985.08.22"]
[Round "2"]
[White "Jacobs, Byron A"]
[Black "Johansen, Darryl Keith"]
[Result "0-1"]
[WhiteElo "2295"]
[BlackElo "2410"]
[PlyCount "84"]
[EventDate "1985.08.21"]
[EventType "swiss"]
[EventRounds "9"]
[EventCountry "ENG"]
[SourceTitle "DB Johansen 2"]
[Source "Johansen,D"]
[SourceDate "2012.09.29"]
[SourceVersion "1"]
[SourceVersionDate "2022.12.19"]
[SourceQuality "1"]

1. e4 c5 2. Nc3 Nc6 3. Nf3 e6 4. d4 cxd4 5. Nxd4 a6 6. f4 Nge7 7. Be2 Nxd4 8.
Qxd4 Nc6 9. Qf2 b5 10. Be3 Bb7 11. e5 Bb4 12. Bc5 Rc8 13. Bb6 Qe7 14. Bf3 Na5
15. a3 Bc5 16. Bxc5 Rxc5 17. Bxb7 Nxb7 18. Qf3 Rc6 19. O-O O-O 20. f5 exf5 21.
Qxf5 Re6 22. Rae1 Qc5+ 23. Kh1 Nd6 24. Ne4 Nxe4 25. Qxe4 d6 26. Rd1 dxe5 27.
Qb7 Qc6 28. Qa7 h6 29. c3 e4 30. Rd7 Rf6 31. Re1 Re8 32. Qd4 Qe6 33. Kg1 Qf5
34. Rd8 Rxd8 35. Qxd8+ Kh7 36. Qd4 Re6 37. g3 Qg6 38. Qe3 f5 39. Rd1 Qg5 40.
Kf2 Qh5 41. Rh1 Rd6 42. h4 Rd3 {Source: Darryl Johansen. Contributed by Paul
Summers, 15 February 2023.} 0-1

[Event "Lloyds Bank Masters 9th"]
[Site "London, Park Lane Hotel"]
[Date "1985.08.22"]
[Round "2"]
[White "Nunn, John DM"]
[Black "Levitt, Jonathan"]
[Result "1-0"]
[WhiteElo "2600"]
[BlackElo "2375"]
[PlyCount "71"]
[EventDate "1985.08.21"]
[EventType "swiss"]
[EventRounds "9"]
[EventCountry "ENG"]
[Source "John Saunders"]
[SourceDate "2016.01.19"]

1. e4 e6 2. d4 d5 3. Nc3 Bb4 4. e5 Qd7 5. a3 Bxc3+ 6. bxc3 b6 7. h4 c5 8. h5 f5
9. h6 g6 10. a4 Ba6 11. a5 Bxf1 12. Kxf1 b5 13. Ne2 Nc6 14. Qd2 Rb8 15. dxc5
Nge7 16. Nd4 O-O 17. Rh4 a6 18. Qe1 Rf7 19. Bg5 Kf8 20. Kg1 Ke8 21. Qd2 Kd8 22.
c4 Nxd4 23. cxd5 Ndc6 24. Qe2 Ke8 25. dxc6 Qxc6 26. Bxe7 Rxe7 27. Rd4 Qxc5 28.
Rd6 b4 29. Rxa6 Kf7 30. Rd6 Ra7 31. a6 Rb5 32. Qd2 Qxe5 33. Re1 Qc3 34. Rd7+
Rxd7 35. Qxd7+ Kf6 36. Rxe6+ 1-0

[Event "Lloyds Bank Masters 9th"]
[Site "London, Park Lane Hotel"]
[Date "1985.08.22"]
[Round "2"]
[White "Peelen, Piet"]
[Black "Mestel, A Jonathan"]
[Result "1-0"]
[WhiteElo "2345"]
[BlackElo "2535"]
[PlyCount "39"]
[EventDate "1985.08.21"]
[EventType "swiss"]
[EventRounds "9"]
[EventCountry "ENG"]
[Source "John Saunders"]
[SourceDate "2016.01.19"]

1. c4 g6 2. Nc3 Bg7 3. g3 e5 4. Bg2 f5 5. d3 d6 6. Nf3 Nf6 7. O-O O-O 8. Rb1 c6
9. b4 Qc7 10. b5 c5 11. e4 Kh8 12. exf5 gxf5 13. Nh4 Be6 14. Qf3 e4 15. dxe4
fxe4 16. Nxe4 Nfd7 17. Qd3 a6 18. b6 Nxb6 19. Ng5 Bg8 20. Rxb6 1-0

[Event "Lloyds Bank Masters 9th"]
[Site "London, Park Lane Hotel"]
[Date "1985.08.22"]
[Round "2"]
[White "Thipsay, Praveen Mahadeo"]
[Black "Howell, James C"]
[Result "0-1"]
[WhiteElo "2495"]
[BlackElo "2270"]
[PlyCount "116"]
[EventDate "1985.08.21"]
[EventType "swiss"]
[EventRounds "9"]
[EventCountry "ENG"]
[Source "John Saunders"]
[SourceDate "2016.01.19"]

1. e4 c5 2. Nf3 d6 3. d4 cxd4 4. Nxd4 Nf6 5. Nc3 a6 6. Be2 e5 7. Nb3 Be7 8. O-O
O-O 9. Qd3 Nbd7 10. a4 b6 11. Qg3 Kh8 12. Be3 Bb7 13. Nd2 Qc7 14. Rad1 Nc5 15.
f3 d5 16. exd5 Nxd5 17. Nxd5 Bxd5 18. b3 Ne6 19. Bc4 Bxc4 20. Nxc4 b5 21. Nb6
Rad8 22. c4 Bc5 23. Bxc5 Qxc5+ 24. Qf2 Nd4 25. Nd5 bxc4 26. bxc4 Qxc4 27. Ne3
Qxa4 28. Kh1 Qc6 29. f4 exf4 30. Qxf4 Ne6 31. Rxd8 Nxd8 32. Nf5 Ne6 33. Qg4 g6
34. Ne3 f5 35. Qb4 Qe4 36. Qb3 Re8 37. Nd5 Qe5 38. Qc4 a5 39. h3 Ng5 40. Nc3
Ne4 41. Nxe4 Qxe4 42. Qc3+ Qe5 43. Qc6 Kg7 44. Rd1 Re7 45. Qa4 Qc3 46. Qh4 Qb4
47. Qg3 a4 48. Ra1 h5 49. h4 f4 50. Qf2 a3 51. Kh2 Qc3 52. Rf1 Qg3+ 53. Qxg3
fxg3+ 54. Kxg3 a2 55. Ra1 Ra7 56. Kf4 Kf6 57. Ke4 Ra4+ 58. Kd3 Kf5 0-1

[Event "Lloyds Bank Masters 9th"]
[Site "London, Park Lane Hotel"]
[Date "1985.08.22"]
[Round "2"]
[White "Waddingham, Graham A"]
[Black "Norwood, David"]
[Result "1-0"]
[WhiteElo "2215"]
[BlackElo "2445"]
[PlyCount "71"]
[EventDate "1985.08.21"]
[EventType "swiss"]
[EventRounds "9"]
[EventCountry "ENG"]
[Source "John Saunders"]
[SourceDate "2016.01.19"]

1. e4 g6 2. d4 Bg7 3. Nc3 d6 4. Be3 c6 5. Qd2 b5 6. Bd3 a6 7. a4 Bb7 8. Nf3 Nd7
9. axb5 cxb5 10. Ne2 Ngf6 11. Bh6 O-O 12. Ng3 e5 13. Bxg7 Kxg7 14. h4 d5 15. h5
dxe4 16. hxg6 fxg6 17. Qh6+ Kg8 18. Nxe4 Qe7 19. Nfg5 Nxe4 20. Nxe4 exd4 21.
O-O-O Ne5 22. Ng5 Rxf2 23. Nxh7 Qg7 24. Qh4 Qf7 25. Kb1 Rf4 26. Qh3 Bc8 27. Qh2
Ng4 28. Qh4 Bf5 29. Ng5 Qf6 30. Qh7+ Kf8 31. Qh8+ Qxh8 32. Rxh8+ Kg7 33. Rxa8
Nf2 34. Bxf5 Rxf5 35. Rf1 Kf6 36. Rxf2 1-0